| 000 | 00508nam a2200181 i 4500 | ||
|---|---|---|---|
| 001 | bg | ||
| 100 | 1 | _aLENCASTRE, Armando | |
| 245 | 0 |
_aManuel d'hydraulique generale / _cpar Armando Lencastre. |
|
| 260 |
_aParis : _bEyrolles, _c1961. |
||
| 490 | 1 | _aCollection du Laboratoire National D'hydraulique | |
| 650 | 9 | _aHydraulika | |
| 830 | _aCollection du Laboratoire National D'hydraulique | ||
| 040 | _cBPK | ||
| 041 | _apol | ||
| 080 | _a532 | ||
| 942 | _cKS | ||
| 008 | s pl f |000 0 pol | ||
| 999 |
_c19659 _d19659 |
||